|
|
|
|
| LEADER |
00000nam a2200000 a 4500 |
| 001 |
vtls008845081 |
| 003 |
SK-MaSNL |
| 005 |
20260301051431.0 |
| 008 |
060907s2006 xr g d 000 0 lat |
| 020 |
|
|
|a 8086791351 (brož.)
|
| 040 |
|
|
|a SNK
|b slo
|c SNK
|e AACR2
|
| 041 |
0 |
|
|a lat
|a cze
|
| 044 |
|
|
|a xr
|c CZ
|
| 072 |
|
7 |
|a 81
|x Lingvistika. Jazyky
|2 konspekt
|
| 080 |
|
|
|a 811.124'04
|2 2001
|
| 080 |
|
|
|a 811.162.3
|2 2001
|
| 080 |
|
|
|a 81'374.8-022.215
|2 2001
|
| 080 |
|
|
|a (038)81
|2 2001
|
| 245 |
0 |
0 |
|a Latinitatis medii aevi lexicon Bohemorum
|n 19, lapideitas - limitanter
|
| 246 |
1 |
1 |
|a Slovník středověké latiny v českých zemích
|
| 250 |
|
|
|a Vyd. 1.
|
| 260 |
|
|
|a Pragae
|b KLP
|c 2006
|
| 300 |
|
|
|a S. 401-500
|c 23 cm
|
| 500 |
|
|
|a Voľné listy v obale
|
| 500 |
|
|
|a Názov z obalu
|
| 650 |
0 |
7 |
|a stredoveká latinčina
|2 SNKPH
|9 72991
|
| 650 |
0 |
7 |
|a čeština
|2 SNKPH
|9 1319
|
| 650 |
0 |
7 |
|a Medieval Latin language
|2 SNKPHeng
|9 346083
|
| 650 |
0 |
7 |
|a Czech language
|2 SNKPHeng
|9 288039
|
| 655 |
|
7 |
|a dvojjazyčné prekladové slovníky
|2 SNKPH
|9 70744
|
| 655 |
|
7 |
|a Bilingual translation dictionaries
|2 SNKPHeng
|9 287935
|
| 919 |
|
|
|a 80-86791-35-1
|
| 999 |
|
|
|c 603313
|d 605243
|
| 952 |
|
|
|a SNK
|b SNK
|y VYP
|7 0
|p 17A0528638
|o snkIB 42320/19
|i snk2006/23420
|8 2
|g 6.80
|0 0
|1 0
|4 0
|d 2006-09-07
|l 0
|r 2026-02-23 16:00:44
|w 2026-02-23
|